书目信息 |
| 题名: |
新婚
|
|
| 作者: | 普列姆昌德 著 ;刘安武 译 | |
| 分册: | ||
| 出版信息: | 贵阳 贵州人民出版社 1982 |
|
| 页数: | 283页 | |
| 开本: | 19cm | |
| 丛书名: | ||
| 单 册: | ||
| 中图分类: | I351.45 , I351.4 | |
| 科图分类: | ||
| 主题词: | 小说--印度--现代 , 文学 | |
| 电子资源: | ||
| ISBN: | ||
| 000 | 00752nam0 2200289 45 | |
| 001 | 0182002913 | |
| 005 | 20040413091626.5 | |
| 010 | @dCNY0.82 | |
| 091 | @a10115.42 | |
| 100 | @a19950629d1982 em y0chiy0121 ea | |
| 101 | 1 | @achi@cinc |
| 102 | @aCN@b520000 | |
| 105 | @ay z 000ay | |
| 106 | @ar | |
| 200 | 10 | @a新婚@Axin hun@f(印)普列姆昌德著@g刘安武译 |
| 210 | @a贵阳@c贵州人民出版社@d1982 | |
| 215 | @a283页@d19cm | |
| 300 | @a东方文学作品选 | |
| 606 | @a小说@y印度@z现代 | |
| 606 | 0 | @a文学 |
| 690 | @aI351.45@v3 | |
| 690 | @aI351.4 | |
| 701 | 1 | @a普列姆昌德@Apu lie mu chang de@f印@4著 |
| 702 | 0 | @a刘安武@Aliu an wu@4译 |
| 801 | 0 | @aCN@b上海图书馆@c20040413 |
| 801 | 2 | @aCN@bNLC@c20040413 |
| 905 | @f4@b77201-204@dI351.4@e3 | |
| 新婚/(印)普列姆昌德著/刘安武译.-贵阳:贵州人民出版社,1982 |
| 283页;19cm |
| 东方文学作品选 |
| ISBN :CNY0.82 |
| ● |
| 相关链接 |
|
|
|
|
正题名:新婚
索取号:I351.4/3
 
预约/预借
| 序号 | 登录号 | 条形码 | 馆藏地/架位号 | 状态 | 备注 |
| 1 | 0077201 | 000788204 | 第二借阅区/ [索取号:I351.4/3] | 在馆 | |
| 2 | 0077202 | 000694216 | 第二借阅区/ [索取号:I351.4/3] | 在馆 | |
| 3 | 0077203 | 001592468 | 第二借阅区/ [索取号:I351.4/3] | 在馆 | |
| 4 | 0077204 | 000694190 | 第二借阅区/ [索取号:I351.4/3] | 在馆 | |
| 5 | 0077205 | 000694207 | 第一样本阅览室/ [索取号:I351.4/3] | 在馆 |